| 000 | 00456nam a2200193Ia 4500 | ||
|---|---|---|---|
| 005 | 20250603145657.0 | ||
| 008 | 250603s9999 xx 000 0 und d | ||
| 020 | _a9780808924500 | ||
| 050 | _aRB 111 .K86/ | ||
| 100 | _aKumar, Vinay. | ||
| 245 | 0 | _aRobbins and Cotran pathologic basis of disease | |
| 250 | _a9th ed. | ||
| 260 | _aCanada | ||
| 260 | _bElsevier Saunders | ||
| 260 | _c2015 | ||
| 300 | _a1391 p | ||
| 650 | _aCanada | ||
| 942 | _cBK | ||
| 999 |
_c42532 _d42532 |
||